000 01741cam a22004814i 4500
003 PE-LiUPU
005 20250731173424.0
008 150706s r 000 0 d
020 _a9780311050505
035 _a(Sirsi) i9780311050505
040 _aPE-LiUPU
_bspa
_cPE-LiUPU
_erda
049 _aPRUA
082 0 4 _a239
_bG69
_221
100 1 _aGonzález, Justo L.,
_eautor.
245 1 0 _aNo creáis a todo espíritu :
_bla fe cristiana y los nuevos movimientos religiosos /
_cJusto L. González.
264 1 _aEl Paso, Texas :
_bEditorial Mundo Hispano,
_c2009.
300 _a126 páginas ;
_c21 cm.
336 _atext
_2rdacontent
337 _aunmediated
_2rdamedia
338 _avolume
_2rdacarrier
505 0 _aNuestra crisis -- El verbo creador e iluminador -- Las escrituras -- El verbo encarnado -- Evangelio y comunidad -- Estrategias de respuesta.
526 _aSEG42
526 _aSEG41
526 _aSEG40
526 _aSEG39
526 _aP94
526 _aP87
526 _aP86
526 _aP85
526 _aP77
526 _aP76
526 _aP35
541 _g001-0000607;
650 0 4 _aApologética.
_92321
700 1 _aCevallos, Juan Carlos,
_eed.
700 1 _aCevallos, María Luisa,
_eed.
910 _agl
_bjv
_cng
_d20121024
942 _2ddc
_cBOOK
949 _a239 G69
_wDEWEY
_c1
_i65699
_lCCODEBUL1
_mBUL
_p19.00
_r0
_sY
_tBOOK
_u2015-7-6
_xTEOLOGIA
_PP35
_o.STAFF. Colección General
994 _aC0
_bPEPRU
596 _a1
999 _a239 G69
_wDEWEY
_c54132
_i65699
_f2021-11-10
_g5
_lCCODEBUL1
_mBUL
_p19.00
_r0
_sY
_tBOOK
_u2015-7-6
_xTEOLOGIA
_PP35
_0COMPRA
_o.STAFF. Colección General
_d54132
980 _81
_gALBERTO SANCHEZ Responsable de Automatización